[Event "Junior Online 4NCL Division 3"]
[Site "online"]
[Date "2022.03.03"]
[EventDate "2022.03.03"]
[Round "4.103"]
[White "Birch, Cade"]
[WhiteElo "1100"]
[WhiteTeam "Staffordshire Oatcakes"]
[Black "Narasimhan, Srivathsan"]
[BlackElo "501"]
[BlackTeam "East Kilbride Rooks"]
[Result "1/2-1/2"]
[PlyCount "117"]

1. d4 d5 2. Bf4 Nc6 3. Nf3 Nf6 4. e3 Ne4 5. Nh4 Bf5 6. Nxf5 e6 7. Nh4 Qxh4 8. g3 Qd8 9. Bg2 Bd6 10. O-O Bxf4 11. exf4 O-O 12. Nd2 Nxd4 13. Nxe4 dxe4 14. Bxe4 f5 15. Bxb7 Rb8 16. Ba6 Rxb2 17. Rb1 Rxb1 18. Qxb1 Ne2+ 19. Bxe2 Re8 20. Qb2 Qd2 21. Bb5 Rb8 22. a4 c6 23. Qb3 Qd7 24. Qc4 cxb5 25. axb5 Rc8 26. Qb3 Kf7 27. Rc1 Qd2 28. Qb2 a5 29. bxa6 Ra8 30. Qb7+ Kf6 31. Qxa8 Qxc1+ 32. Kg2 Qxc2 33. Qd8+ Kg6 34. a7 Qc6+ 35. Kh3 Qf3 36. Qe8+ Kf6 37. a8=B Qg4+ 38. Kg2 Qg6 39. Qf8+ Qf7 40. Qh8 Qa7 41. Bc6 Qc7 42. Bf3 e5 43. Qxh7 exf4 44. gxf4 Qxf4 45. Qg8 Qg5+ 46. Kh1 Qc1+ 47. Kg2 Qg5+ 48. Kf1 Qf4 49. Qf8+ Kg5 50. Qxg7+ Kh4 51. Qg3+ Qxg3 52. fxg3+ Kh3 53. Ke2 Kxh2 54. Ke3 Kxg3 55. Bh5 f4+ 56. Ke4 Kh4 57. Be2 Kg3 58. Bd1 Kf2 59. Kxf4 1/2-1/2

[Event "Junior Online 4NCL Division 3"]
[Site "online"]
[Date "2022.03.03"]
[EventDate "2022.03.03"]
[Round "4.104"]
[White "Vinodh, Sampriti"]
[WhiteElo "336"]
[WhiteTeam "East Kilbride Rooks"]
[Black "Birch, Cara"]
[BlackElo "900"]
[BlackTeam "Staffordshire Oatcakes"]
[Result "1-0"]
[PlyCount "125"]

1. e4 e5 2. Nf3 Nc6 3. Nc3 Bb4 4. a3 Bxc3 5. dxc3 Nf6 6. Bb5 b6 7. Nxe5 Nxe5 8. Bg5 Bb7 9. Bxf6 gxf6 10. Qe2 O-O 11. O-O-O Ng6 12. Rxd7 Qc8 13. Rd4 a6 14. Bc4 c5 15. Rd6 Qc7 16. Rxf6 Rae8 17. g3 Rxe4 18. Qd3 Rd8 19. Bxf7+ Qxf7 20. Qxd8+ Qf8 21. Rxf8+ Nxf8 22. Rd1 Bc6 23. b3 Kg7 24. Qd6 Bd7 25. c4 b5 26. cxb5 axb5 27. Qxc5 b4 28. axb4 Ne6 29. Qf5 Rxb4 30. Rxd7+ Kg8 31. Qxe6+ Kf8 32. Qc6 Rb8 33. Rxh7 Kg8 34. Rd7 Kf8 35. Qe6 Re8 36. b4 Rxe6 37. Rd8+ Ke7 38. Rd5 Rd6 39. Rxd6 Kxd6 40. h4 Ke6 41. h5 Kf7 42. h6 Kg6 43. b5 Kxh6 44. b6 Kh5 45. b7 Kg5 46. b8=Q Kg4 47. Qd6 Kh3 48. g4 Kxg4 49. f4 Kf5 50. Qd3+ Kg4 51. f5 Kg5 52. f6 Kxf6 53. Qd1 Ke6 54. c3 Ke7 55. c4 Ke8 56. c5 Ke7 57. c6 Ke6 58. c7 Ke5 59. c8=Q Ke4 60. Qe8+ Kf5 61. Qf1+ Kg4 62. Qg8+ Kh5 63. Qh1# 1-0

[Event "Junior Online 4NCL Division 3"]
[Site "online"]
[Date "2022.03.03"]
[EventDate "2022.03.03"]
[Round "4.105"]
[White "Verma, Abhi"]
[WhiteElo "620"]
[WhiteTeam "East Kilbride Rooks"]
[Black "Stanley, Isaac"]
[BlackElo "1240"]
[BlackTeam "Staffordshire Oatcakes"]
[Result "1-0"]
[PlyCount "89"]

1. e4 d6 2. d4 Nf6 3. Bd3 g6 4. c4 Bg7 5. Nf3 O-O 6. Nc3 c5 7. d5 a6 8. h3 Nbd7 9. g4 Qa5 10. Bg5 b5 11. cxb5 axb5 12. Bxb5 Ba6 13. Bxa6 Qxa6 14. Bxf6 Nxf6 15. Nd2 Rfb8 16. Nb3 c4 17. Nd2 Rxb2 18. Qc1 Rab8 19. Rb1 Qa3 20. Rxb2 Rxb2 21. Ne2 Qxa2 22. Nc3 Qa3 23. Nxc4 Qb4 24. Qxb2 Qxc4 25. Rg1 Nxe4 26. Qb8+ Bf8 27. Nxe4 Qxe4+ 28. Kf1 Qxd5 29. Rg3 Qd1+ 30. Kg2 Qd5+ 31. Kh2 Qd2 32. Rf3 e5 33. Qb7 Qa2 34. Kg3 e4 35. Qxe4 d5 36. Qf4 Qa7 37. Rd3 Qc5 38. Qd4 Bd6+ 39. Kg2 Qc2 40. Qxd5 Bc5 41. Rf3 Kh8 42. Qe5+ Kg8 43. Qe8+ Bf8 44. Qxf7+ Kh8 45. Qxf8# 1-0

[Event "Junior Online 4NCL Division 3"]
[Site "online"]
[Date "2022.03.03"]
[EventDate "2022.03.03"]
[Round "4.106"]
[White "Sohi, Aarav"]
[WhiteElo "1289"]
[WhiteTeam "Staffordshire Oatcakes"]
[Black "Biswas, Snigdha"]
[BlackElo "548"]
[BlackTeam "East Kilbride Rooks"]
[Result "1-0"]
[PlyCount "81"]

1. e4 e5 2. Bc4 Bc5 3. Qh5 Nh6 4. d3 Nc6 5. Bxh6 Qf6 6. Nf3 d6 7. Bg5 Qg6 8. Qxg6 hxg6 9. O-O Bg4 10. Nbd2 f6 11. Bh4 g5 12. Bg3 O-O-O 13. h3 Be6 14. Bxe6+ Kb8 15. c4 Nd4 16. Nxd4 Bxd4 17. Rab1 a6 18. b4 Rde8 19. Bg4 Rhf8 20. b5 g6 21. Be2 axb5 22. cxb5 f5 23. exf5 Rxf5 24. a4 Bc3 25. Ne4 c6 26. bxc6 Kc7 27. cxb7 Rb8 28. Nxc3 Rxb7 29. Rxb7+ Kxb7 30. Bf3+ Kc7 31. Nb5+ Kd7 32. Bg4 Ke6 33. Bxf5+ Kxf5 34. Nxd6+ Kf6 35. Ne8+ Kf5 36. a5 Ke6 37. Nc7+ Kd7 38. Bxe5 Kc8 39. a6 Kb8 40. Rb1+ Ka7 41. Rb7# 1-0

[Event "Junior Online 4NCL Division 3"]
[Site "online"]
[Date "2022.03.03"]
[EventDate "2022.03.03"]
[Round "4.107"]
[White "Narasimhan, Srivathsan"]
[WhiteElo "501"]
[WhiteTeam "East Kilbride Rooks"]
[Black "Birch, Cade"]
[BlackElo "1100"]
[BlackTeam "Staffordshire Oatcakes"]
[Result "0-1"]
[PlyCount "62"]

1. e4 c5 2. Nc3 Nc6 3. Nf3 g6 4. Bc4 Bg7 5. d3 e6 6. Bf4 Nge7 7. Ne5 d5 8. Bb5 Bd7 9. exd5 exd5 10. Nxc6 Bxc6 11. Bxc6+ Nxc6 12. Qe2+ Ne7 13. Nb5 Bxb2 14. Rb1 Qa5+ 15. Kd1 Qxb5 16. c4 Qa4+ 17. Ke1 Qb4+ 18. Bd2 Qb6 19. cxd5 O-O 20. Qxe7 Rfe8 21. Qxe8+ Rxe8+ 22. Kd1 c4 23. dxc4 Re4 24. c5 Qxc5 25. Rxb2 Qxf2 26. Kc1 Qxg2 27. Re1 Rc4+ 28. Kb1 Qxd5 29. Re8+ Kg7 30. Re3 Qh1+ 31. Bc1 Qxc1# 0-1

[Event "Junior Online 4NCL Division 3"]
[Site "online"]
[Date "2022.03.03"]
[EventDate "2022.03.03"]
[Round "4.108"]
[White "Birch, Cara"]
[WhiteElo "900"]
[WhiteTeam "Staffordshire Oatcakes"]
[Black "Vinodh, Sampriti"]
[BlackElo "336"]
[BlackTeam "East Kilbride Rooks"]
[Result "1-0"]
[PlyCount "51"]

1. d4 d5 2. Nf3 Nc6 3. Bg5 Bg4 4. g3 Nf6 5. Bxf6 exf6 6. Bg2 Bb4+ 7. c3 Bd6 8. Nbd2 O-O 9. O-O Qd7 10. h3 Bxh3 11. Bxh3 Qxh3 12. Nh2 Bxg3 13. fxg3 Qxg3+ 14. Kh1 Rae8 15. Qe1 Re3 16. Qxg3 Rxg3 17. Nhf3 Re8 18. Rg1 Rxg1+ 19. Nxg1 Rxe2 20. Nxe2 Ne7 21. Nf4 Nf5 22. Nxd5 c6 23. Nf4 b5 24. Re1 Ng3+ 25. Kh2 Nf5 26. Re8# 1-0

[Event "Junior Online 4NCL Division 3"]
[Site "online"]
[Date "2022.03.03"]
[EventDate "2022.03.03"]
[Round "4.111"]
[White "Spitz, Danny"]
[WhiteElo "1364"]
[WhiteTeam "Coldfall Bishops"]
[Black "Khandelwal, Ritisha"]
[BlackElo "1205"]
[BlackTeam "Chess Challengers D"]
[Result "1-0"]
[PlyCount "43"]

1. e4 e5 2. Nf3 Nc6 3. Bc4 Bc5 4. c3 Nf6 5. d4 exd4 6. e5 Ng4 7. cxd4 Bb4+ 8. Bd2 Bxd2+ 9. Nbxd2 O-O 10. O-O d6 11. exd6 cxd6 12. h3 Nf6 13. Re1 a6 14. Ne4 Nxe4 15. Rxe4 d5 16. Rh4 dxc4 17. Qc2 g6 18. Qxc4 Be6 19. Qd3 Nb4 20. Qe3 Nc2 21. Qh6 Nxa1 22. Qxh7# 1-0

[Event "Junior Online 4NCL Division 3"]
[Site "online"]
[Date "2022.03.03"]
[EventDate "2022.03.03"]
[Round "4.112"]
[White "Bhaskaran, Adithya"]
[WhiteElo "1200"]
[WhiteTeam "Chess Challengers D"]
[Black "Haga, Xander"]
[BlackElo "1276"]
[BlackTeam "Coldfall Bishops"]
[Result "1-0"]
[PlyCount "93"]

1. e4 e5 2. Nf3 Nc6 3. Nc3 Bc5 4. Bc4 Nf6 5. O-O O-O 6. d3 h6 7. a3 d6 8. h3 Be6 9. Bxe6 fxe6 10. Be3 Bb6 11. d4 exd4 12. Bxd4 e5 13. Bxb6 axb6 14. Nd5 Nxe4 15. Re1 Nf6 16. c4 Na5 17. b3 Nc6 18. Qc2 Nxd5 19. cxd5 Ne7 20. Red1 Ra5 21. b4 Rxd5 22. Qb3 c6 23. Rd2 Kh8 24. Rxd5 Nxd5 25. b5 e4 26. Nd4 Qc7 27. Ne6 Qe7 28. Nxf8 Qxf8 29. bxc6 bxc6 30. Qc4 Qe8 31. Re1 Nf6 32. Qd4 Qd8 33. Rc1 c5 34. Qd2 d5 35. Rd1 Qa8 36. Qb2 d4 37. Qxb6 Qxa3 38. Qb8+ Kh7 39. Qg3 Qxg3 40. fxg3 d3 41. Kf2 Kg6 42. Ke3 Kf5 43. g4+ Ke5 44. Rc1 Nd7 45. Rc4 Kd5 46. Rxe4 c4 47. Rd4+ 1-0

[Event "Junior Online 4NCL Division 3"]
[Site "online"]
[Date "2022.03.03"]
[EventDate "2022.03.03"]
[Round "4.113"]
[White "Agasee, Emilio"]
[WhiteElo "1238"]
[WhiteTeam "Coldfall Bishops"]
[Black "Ciutac, Stefan"]
[BlackElo "1173"]
[BlackTeam "Chess Challengers D"]
[Result "1-0"]
[PlyCount "55"]

1. e4 c6 2. d4 d5 3. exd5 cxd5 4. Bd3 Nf6 5. Nf3 Nc6 6. O-O g6 7. Bg5 Bg7 8. Nc3 O-O 9. Bxf6 Bxf6 10. h3 Nxd4 11. Nxd4 Bxd4 12. Re1 Bg7 13. Bb5 e6 14. Qf3 Qb6 15. a4 Qd6 16. Rad1 Qb4 17. Rb1 a6 18. Bd3 Bxc3 19. bxc3 Qxa4 20. Rb4 Qd7 21. Rg4 Qc7 22. Bf1 Bd7 23. Rh4 Rac8 24. Re3 Qd6 25. Qf6 Rfe8 26. Rf3 Rf8 27. Rff4 Qc7 28. Rxh7 1-0

[Event "Junior Online 4NCL Division 3"]
[Site "online"]
[Date "2022.03.03"]
[EventDate "2022.03.03"]
[Round "4.114"]
[White "Gehlote, Sohum Singh"]
[WhiteElo "1089"]
[WhiteTeam "Chess Challengers D"]
[Black "Haga, Viktor"]
[BlackElo "1156"]
[BlackTeam "Coldfall Bishops"]
[Result "0-1"]
[PlyCount "79"]

1. e4 e5 2. Nf3 Nc6 3. Bc4 Bc5 4. Nc3 Nf6 5. O-O O-O 6. b3 Bd4 7. Bb2 Nxe4 8. Rb1 Nxc3 9. dxc3 Bb6 10. Re1 d6 11. a4 Be6 12. Bd3 Bg4 13. b4 d5 14. Be2 a5 15. b5 Ne7 16. Nxe5 Bxe2 17. Qxe2 Qd6 18. c4 f6 19. Nf3 Ng6 20. Qd3 Qc5 21. Rf1 Qxc4 22. Qd2 Qxa4 23. Qxd5+ Kh8 24. Ra1 Qg4 25. h3 Qb4 26. Ba3 Nf4 27. Bxb4 Nxd5 28. Bxf8 Rxf8 29. Rfe1 h6 30. Nh4 Kh7 31. Rad1 Nb4 32. c4 a4 33. Ra1 Nc2 34. Rxa4 Nxe1 35. Kf1 Nd3 36. Ra3 Nxf2 37. Rf3 g5 38. Nf5 Ne4 39. Ne7 Nd2+ 40. Ke2 0-1

[Event "Junior Online 4NCL Division 3"]
[Site "online"]
[Date "2022.03.03"]
[EventDate "2022.03.03"]
[Round "4.115"]
[White "Khandelwal, Ritisha"]
[WhiteElo "1205"]
[WhiteTeam "Chess Challengers D"]
[Black "Spitz, Danny"]
[BlackElo "1364"]
[BlackTeam "Coldfall Bishops"]
[Result "0-1"]
[PlyCount "62"]

1. e4 e5 2. Nf3 Nc6 3. Bb5 d6 4. Nc3 Nf6 5. h3 Bd7 6. d3 h6 7. O-O Be7 8. Be3 a6 9. Bc4 Be6 10. Nd5 Qd7 11. Nxe7 Nxe7 12. Bxe6 fxe6 13. Qe2 Nc6 14. Nh4 O-O-O 15. Ng6 Rhg8 16. Qf3 d5 17. exd5 exd5 18. Qg3 Rde8 19. Bc5 e4 20. Ba3 exd3 21. Qxd3 Ne4 22. Nf4 Ne5 23. Qxd5 Qf5 24. Nd3 Nf3+ 25. gxf3 Qxd5 26. fxe4 Rxe4 27. Nb4 Qg5+ 28. Kh1 Rh4 29. Kh2 Qf5 30. Kg2 Qxh3+ 31. Kg1 Qh1# 0-1

[Event "Junior Online 4NCL Division 3"]
[Site "online"]
[Date "2022.03.03"]
[EventDate "2022.03.03"]
[Round "4.116"]
[White "Haga, Xander"]
[WhiteElo "1276"]
[WhiteTeam "Coldfall Bishops"]
[Black "Bhaskaran, Adithya"]
[BlackElo "1200"]
[BlackTeam "Chess Challengers D"]
[Result "1-0"]
[PlyCount "55"]

1. e4 e5 2. Nf3 Nf6 3. Nxe5 Nxe4 4. Qe2 f6 5. Qxe4 fxe5 6. Qxe5+ Be7 7. Nc3 Rg8 8. Be2 Nc6 9. Qh5+ g6 10. Qxh7 Rf8 11. Qxg6+ Rf7 12. Bh5 Ne5 13. Qg8+ Bf8 14. Bxf7+ Nxf7 15. O-O d6 16. Re1+ Kd7 17. Qxf7+ Be7 18. d3 b6 19. Bg5 Kc6 20. Qd5+ Kd7 21. Rxe7+ Qxe7 22. Bxe7 Kxe7 23. h3 Rb8 24. Re1+ Be6 25. Rxe6+ Kf8 26. Qf5+ Kg7 27. Rg6+ Kh7 28. Qh5# 1-0

[Event "Junior Online 4NCL Division 3"]
[Site "online"]
[Date "2022.03.03"]
[EventDate "2022.03.03"]
[Round "4.117"]
[White "Ciutac, Stefan"]
[WhiteElo "1173"]
[WhiteTeam "Chess Challengers D"]
[Black "Agasee, Emilio"]
[BlackElo "1238"]
[BlackTeam "Coldfall Bishops"]
[Result "1-0"]
[PlyCount "95"]

1. c4 e6 2. g3 Nf6 3. Bg2 g6 4. Nc3 Bg7 5. e3 O-O 6. Nge2 Nc6 7. O-O b6 8. a3 Bb7 9. b4 d5 10. cxd5 Nxd5 11. Rb1 a5 12. b5 Nce7 13. Bb2 Nxc3 14. Bxc3 Bxg2 15. Bxg7 Bxf1 16. Bxf8 Bxe2 17. Bxe7 Qxe7 18. Qxe2 Qxa3 19. Qc4 Qc5 20. Qd3 Qf5 21. Qxf5 exf5 22. Rc1 a4 23. Rxc7 a3 24. Rc1 a2 25. Ra1 Kf8 26. Kf1 Ke7 27. Ke1 Kd6 28. Kd1 Kc5 29. Kc2 Kc4 30. d3+ Kb4 31. Kb2 Ra3 32. d4 Rd3 33. Rxa2 Rd2+ 34. Kb1 Rxa2 35. Kxa2 Kxb5 36. Kb3 Kc6 37. Kb4 b5 38. f3 g5 39. e4 fxe4 40. fxe4 f6 41. d5+ Kb6 42. h3 h6 43. g4 Ka6 44. Kc5 Ka5 45. d6 b4 46. d7 b3 47. d8=Q+ Ka4 48. Qa8# 1-0

[Event "Junior Online 4NCL Division 3"]
[Site "online"]
[Date "2022.03.03"]
[EventDate "2022.03.03"]
[Round "4.118"]
[White "Haga, Viktor"]
[WhiteElo "1156"]
[WhiteTeam "Coldfall Bishops"]
[Black "Gehlote, Sohum Singh"]
[BlackElo "1089"]
[BlackTeam "Chess Challengers D"]
[Result "0-1"]
[PlyCount "78"]

1. e4 e5 2. Nf3 Nc6 3. Bc4 Nf6 4. O-O Bc5 5. Nc3 O-O 6. d3 b6 7. Bg5 h6 8. Bh4 Be7 9. Bxf6 Bxf6 10. Nd5 Bb7 11. Nxf6+ Qxf6 12. h3 Rfe8 13. a3 Ne7 14. Re1 d5 15. exd5 Nxd5 16. Bb5 Re7 17. c4 Nf4 18. Rc1 Qg6 19. Nh4 Qg5 20. Qg4 Qxg4 21. hxg4 Nxd3 22. Rcd1 Nxe1 23. Rxe1 Rd8 24. Nf3 Bxf3 25. gxf3 Rd2 26. b4 Re6 27. c5 c6 28. Bc4 Rf6 29. cxb6 axb6 30. Rxe5 Rxf3 31. b5 Rfxf2 32. Rh5 Rg2+ 33. Kh1 Rxg4 34. bxc6 Rxc4 35. Re5 Rxc6 36. Re1 Rc5 37. Kg1 Rg5+ 38. Kf1 Rgg2 39. a4 Rdf2# 0-1

[Event "Junior Online 4NCL Division 3"]
[Site "online"]
[Date "2022.03.03"]
[EventDate "2022.03.03"]
[Round "4.121"]
[White "Rowland, Benjamin"]
[WhiteElo "1271"]
[WhiteTeam "Barnet Knights C"]
[Black "Fang, Moyao"]
[BlackElo "1342"]
[BlackTeam "London Dragons Beryllium"]
[Result "0-1"]
[PlyCount "60"]

1. e4 c5 2. Nf3 d6 3. Nc3 Nf6 4. Bc4 Nc6 5. d3 e6 6. Bg5 Be7 7. O-O h6 8. Bh4 O-O 9. h3 a6 10. a4 g5 11. Bg3 d5 12. exd5 exd5 13. Ba2 Bf5 14. Re1 Nb4 15. Bb3 Re8 16. Qd2 c4 17. dxc4 dxc4 18. Qxd8 Raxd8 19. Na2 cxb3 20. Nxb4 Bxb4 21. c3 Bc5 22. Be5 Nd7 23. Bg3 Re4 24. Red1 Re2 25. Nd2 Nf6 26. Nc4 Rxd1+ 27. Rxd1 Kg7 28. Be5 Kg6 29. Bxf6 Kxf6 30. Kh2 Rxf2 0-1

[Event "Junior Online 4NCL Division 3"]
[Site "online"]
[Date "2022.03.03"]
[EventDate "2022.03.03"]
[Round "4.122"]
[White "Li, Harvey"]
[WhiteElo "1280"]
[WhiteTeam "London Dragons Beryllium"]
[Black "Saunders, Oliver"]
[BlackElo "1168"]
[BlackTeam "Barnet Knights C"]
[Result "1-0"]
[PlyCount "55"]

1. d4 d5 2. c4 Nf6 3. Nc3 dxc4 4. e4 e6 5. Bxc4 Nc6 6. Nf3 Bb4 7. Bg5 h6 8. Bh4 O-O 9. e5 Nxd4 10. Qxd4 Bxc3+ 11. Qxc3 Bd7 12. exf6 gxf6 13. Bxf6 Qc8 14. Bh8 f6 15. Bxf6 Rf7 16. O-O Qf8 17. Ne5 Rh7 18. Ng6 Qf7 19. Ne7+ Kf8 20. Qa3 Qxf6 21. Nd5+ Qe7 22. Nxe7 Rxe7 23. Rad1 Bc6 24. Bxe6 Re8 25. Bd7 Rd8 26. Bxc6 Rxd1 27. Rxd1 bxc6 28. Re1 1-0

[Event "Junior Online 4NCL Division 3"]
[Site "online"]
[Date "2022.03.03"]
[EventDate "2022.03.03"]
[Round "4.123"]
[White "Gardner, Zac"]
[WhiteElo "1093"]
[WhiteTeam "Barnet Knights C"]
[Black "Shi, Shaoting"]
[BlackElo "1313"]
[BlackTeam "London Dragons Beryllium"]
[Result "0-1"]
[PlyCount "62"]

1. e4 e5 2. Nf3 Nc6 3. Bc4 Nf6 4. d3 Bc5 5. Nc3 d6 6. h3 h6 7. Be3 Bb6 8. Na4 Ba5+ 9. Nc3 Bxc3+ 10. bxc3 O-O 11. O-O Bd7 12. Nh4 Nxe4 13. dxe4 Qxh4 14. Qf3 Be6 15. Bb3 Kh7 16. Kh2 Rad8 17. Rad1 Na5 18. Bxa7 b6 19. g3 Qxh3+ 20. Kg1 Bg4 21. Qe3 Bxd1 22. Rxd1 Nxb3 23. cxb3 Qg4 24. Qd3 h5 25. Rf1 h4 26. Kh2 hxg3+ 27. fxg3 Ra8 28. Bxb6 cxb6 29. Qxd6 Rxa2+ 30. Kg1 Qxg3+ 31. Kh1 Qg2# 0-1

[Event "Junior Online 4NCL Division 3"]
[Site "online"]
[Date "2022.03.03"]
[EventDate "2022.03.03"]
[Round "4.124"]
[White "Liu, Zhengzheng"]
[WhiteElo "1290"]
[WhiteTeam "London Dragons Beryllium"]
[Black "Morin, Julian"]
[BlackElo "1109"]
[BlackTeam "Barnet Knights C"]
[Result "1/2-1/2"]
[PlyCount "138"]

1. e4 c5 2. Nf3 d6 3. d4 cxd4 4. Nxd4 Nf6 5. Nc3 b6 6. Be3 Bb7 7. f3 g6 8. Bb5+ Nbd7 9. O-O Bg7 10. a4 O-O 11. Nce2 Rc8 12. c3 Nc5 13. b4 Ncd7 14. Qd2 a6 15. Bd3 Ne5 16. Bc2 Nc4 17. Qd3 Nxe3 18. Qxe3 d5 19. e5 Nd7 20. e6 Bxd4 21. Nxd4 fxe6 22. Nxe6 Qe8 23. Nxf8 Qxf8 24. Ra3 Nf6 25. Re1 Re8 26. Qe6+ Qf7 27. Qxf7+ Kxf7 28. Bd3 Nh5 29. c4 Nf4 30. Bf1 Kf6 31. cxd5 Nxd5 32. b5 axb5 33. Bxb5 Rd8 34. Rd3 Rc8 35. Kf2 Rc2+ 36. Kg3 h5 37. Red1 Nc3 38. R1d2 Ne2+ 39. Kf2 Rxd2 40. Rxd2 Nc3 41. Rd8 e5 42. Rb8 Bd5 43. Rxb6+ Kf5 44. Bd3+ Kg5 45. Rxg6+ Kh4 46. g3+ Kh3 47. Rh6 Bf7 48. Bf5+ Kxh2 49. Bg4 e4 50. Bxh5 e3+ 51. Kxe3 Nd5+ 52. Kf2 Nf4 53. Bg4+ Bh5 54. Bxh5 Nh3+ 55. Ke3 Kg1 56. Bg4 Nf2 57. f4 Nxg4+ 58. Ke4 Nxh6 59. f5 Nf7 60. f6 Kg2 61. Kf5 Kxg3 62. Ke6 Ng5+ 63. Ke7 Kf4 64. f7 Nxf7 65. Kxf7 Ke5 66. Ke7 Kd5 67. Kd7 Kc5 68. Kc7 Kb4 69. Kb6 Kxa4 1/2-1/2

[Event "Junior Online 4NCL Division 3"]
[Site "online"]
[Date "2022.03.03"]
[EventDate "2022.03.03"]
[Round "4.125"]
[White "Fang, Moyao"]
[WhiteElo "1342"]
[WhiteTeam "London Dragons Beryllium"]
[Black "Rowland, Benjamin"]
[BlackElo "1271"]
[BlackTeam "Barnet Knights C"]
[Result "0-1"]
[PlyCount "46"]

1. e4 c6 2. d4 d5 3. e5 Bf5 4. g4 Bg6 5. h4 h6 6. h5 Bh7 7. Nf3 e6 8. Bd3 Bxd3 9. Qxd3 c5 10. dxc5 Bxc5 11. Qb5+ Nd7 12. Qxb7 Rb8 13. Qa6 Ne7 14. Qd3 Qc7 15. Qc3 Bb4 16. O-O Bxc3 17. Nxc3 Nxe5 18. Bf4 Nxf3+ 19. Kh1 Qxf4 20. Kg2 Nh4+ 21. Kh3 Qf3+ 22. Kxh4 Rb4 23. Rg1 Nf5# 0-1

[Event "Junior Online 4NCL Division 3"]
[Site "online"]
[Date "2022.03.03"]
[EventDate "2022.03.03"]
[Round "4.126"]
[White "Saunders, Oliver"]
[WhiteElo "1168"]
[WhiteTeam "Barnet Knights C"]
[Black "Li, Harvey"]
[BlackElo "1280"]
[BlackTeam "London Dragons Beryllium"]
[Result "0-1"]
[PlyCount "94"]

1. e4 e6 2. d4 d5 3. e5 c5 4. c3 Nc6 5. Nf3 Bd7 6. Bg5 Qb6 7. Qc2 cxd4 8. cxd4 Rc8 9. Nc3 Nb4 10. Qd1 Be7 11. Bxe7 Nxe7 12. a3 Nbc6 13. Na4 Qa5+ 14. Nc3 O-O 15. b4 Nxb4 16. axb4 Qxb4 17. Rc1 Rxc3 18. Rxc3 Qxc3+ 19. Qd2 Qa1+ 20. Qd1 Qxd1+ 21. Kxd1 Ba4+ 22. Ke1 Rc8 23. h3 Rc1+ 24. Ke2 Bb5+ 25. Kd2 Rxf1 26. Rxf1 Bxf1 27. g4 Bxh3 28. Nh2 Nc6 29. f4 Nxd4 30. Ke3 Nc2+ 31. Kd3 Nb4+ 32. Kd4 b6 33. Kc3 a5 34. Kb3 b5 35. g5 Bf5 36. Nf1 Bc2+ 37. Ka3 Ba4 38. Nd2 Nc2+ 39. Kb2 b4 40. Nb3 Bxb3 41. Kxb3 Nd4+ 42. Ka4 b3 43. Ka3 a4 44. Kb2 Nc2 45. Kb1 a3 46. Kc1 a2 47. Kb2 a1=Q+ 0-1

[Event "Junior Online 4NCL Division 3"]
[Site "online"]
[Date "2022.03.03"]
[EventDate "2022.03.03"]
[Round "4.127"]
[White "Shi, Shaoting"]
[WhiteElo "1313"]
[WhiteTeam "London Dragons Beryllium"]
[Black "Gardner, Zac"]
[BlackElo "1093"]
[BlackTeam "Barnet Knights C"]
[Result "1-0"]
[PlyCount "87"]

1. e4 e5 2. Nf3 Nc6 3. Bb5 d6 4. Bxc6+ bxc6 5. h3 Nf6 6. Nc3 d5 7. exd5 cxd5 8. O-O e4 9. Re1 Bc5 10. d3 O-O 11. dxe4 dxe4 12. Qxd8 Rxd8 13. Nxe4 Nxe4 14. Rxe4 Bb7 15. Rf4 Bxf3 16. Rxf3 Rd1+ 17. Kh2 Bd6+ 18. g3 Re8 19. Rb3 h6 20. Kg2 Re2 21. Rb8+ Kh7 22. c3 c6 23. Ra8 Bc5 24. Kf3 Rxf2+ 25. Kg4 f5+ 26. Kh4 g5+ 27. Kh5 Rh1 28. h4 Be7 29. Rxa7 Re2 30. Bxg5 hxg5 31. Rxh1 gxh4 32. Rxh4 Kg7 33. Rb4 Rh2+ 34. Rh4 Rxb2 35. Rxe7+ Kf6 36. Rc7 Rxa2 37. Rxc6+ Ke5 38. Kg5 Ra5 39. Rhh6 f4 40. Rhe6+ Kd5 41. Kxf4 Ra4+ 42. Ke3 Ra3 43. Kd3 Ra2 44. c4# 1-0

[Event "Junior Online 4NCL Division 3"]
[Site "online"]
[Date "2022.03.03"]
[EventDate "2022.03.03"]
[Round "4.128"]
[White "Morin, Julian"]
[WhiteElo "1109"]
[WhiteTeam "Barnet Knights C"]
[Black "Liu, Zhengzheng"]
[BlackElo "1290"]
[BlackTeam "London Dragons Beryllium"]
[Result "1-0"]
[PlyCount "49"]

1. c4 c5 2. b3 Nc6 3. Bb2 d6 4. Nc3 e5 5. g3 Nge7 6. Bg2 Be6 7. e3 f6 8. Nge2 Qd7 9. O-O O-O-O 10. a3 g5 11. b4 cxb4 12. axb4 Kb8 13. Nb5 a6 14. Nbc3 h5 15. b5 axb5 16. Nxb5 Bxc4 17. Ra8+ Kxa8 18. Qa4+ Kb8 19. Qxc4 d5 20. Qa4 Nc8 21. Ra1 Nb6 22. Qa2 Nb4 23. Qa7+ Kc8 24. Qa8+ Nxa8 25. Rxa8# 1-0

[Event "Junior Online 4NCL Division 3"]
[Site "online"]
[Date "2022.03.03"]
[EventDate "2022.03.03"]
[Round "4.131"]
[White "Nikolov, Alexander"]
[WhiteElo "1477"]
[WhiteTeam "Desert Penguins Neptune"]
[Black "Siriwardana, Dinil"]
[BlackElo "1255"]
[BlackTeam "KEGS B"]
[Result "0-1"]
[PlyCount "78"]

1. d4 e5 2. dxe5 Nc6 3. Nf3 Qe7 4. Bg5 Qb4+ 5. Nc3 Qxb2 6. Bd2 Nb4 7. Rb1 Qa3 8. Rb3 Qa5 9. e4 Bc5 10. Qb1 d6 11. exd6 Be6 12. d7+ Bxd7 13. Nd5 O-O-O 14. Nxb4 Ba4 15. Rd3 Nf6 16. e5 Ne4 17. Rxd8+ Rxd8 18. Nd3 Bxf2+ 19. Ke2 Qd5 20. Ng5 Bb5 21. Qb3 Nxd2 22. Kxd2 Qxe5 23. Nf3 Qe3+ 24. Kd1 g5 25. h3 Bc6 26. Be2 h5 27. g4 Bxf3 28. Bxf3 Qxf3+ 29. Kd2 Qxh1 30. Kc3 Bd4+ 31. Kc4 Qc6+ 32. Kb4 Rd5 33. gxh5 Rb5+ 34. Ka3 Qa6+ 35. Qa4 Qd6+ 36. Nb4 Qg3+ 37. Nd3 Bc5+ 38. Qb4 Bxb4+ 39. Ka4 c6 0-1

[Event "Junior Online 4NCL Division 3"]
[Site "online"]
[Date "2022.03.03"]
[EventDate "2022.03.03"]
[Round "4.132"]
[White "Poon, Evan"]
[WhiteElo "1300"]
[WhiteTeam "KEGS B"]
[Black "Donati Plutino, Francesco Rodolfo"]
[BlackElo "1149"]
[BlackTeam "Desert Penguins Neptune"]
[Result "1-0"]
[PlyCount "73"]

1. e4 c5 2. Nf3 d6 3. d4 cxd4 4. Nxd4 e6 5. Nc3 Bd7 6. Bd3 Nc6 7. Ndb5 Nf6 8. O-O Be7 9. Be2 O-O 10. Nxd6 Qc7 11. Ndb5 Qd8 12. Be3 Ne5 13. f4 Nc6 14. e5 Nd5 15. Nxd5 exd5 16. Qxd5 Be6 17. Qxd8 Rfxd8 18. Nc7 Rac8 19. Nxe6 fxe6 20. Rad1 Rf8 21. Rd7 b6 22. Bf3 Nb4 23. Rxe7 Rxc2 24. Rf2 Rc4 25. Rxa7 Rfc8 26. h3 b5 27. Bg4 Re8 28. a3 Nd3 29. Rd2 Nc5 30. Bxc5 Rxc5 31. Rdd7 Rc1+ 32. Kh2 h6 33. Rxg7+ Kh8 34. Rh7+ Kg8 35. Rxh6 Rc6 36. Rhh7 Kf8 37. Rh8# 1-0

[Event "Junior Online 4NCL Division 3"]
[Site "online"]
[Date "2022.03.03"]
[EventDate "2022.03.03"]
[Round "4.133"]
[White "Mourat, Emil"]
[WhiteElo "874"]
[WhiteTeam "Desert Penguins Neptune"]
[Black "Badhrinath, Adhvaith B"]
[BlackElo "1177"]
[BlackTeam "KEGS B"]
[Result "0-1"]
[PlyCount "62"]

1. d4 d5 2. c4 e6 3. Nc3 c5 4. Nf3 cxd4 5. Nxd4 Nf6 6. Bg5 e5 7. Ndb5 a6 8. Na3 d4 9. Ne4 Nxe4 10. Bxd8 Bb4+ 11. Qd2 Bxd2+ 12. Kd1 Kxd8 13. f3 Ba5 14. fxe4 Bg4 15. h3 Bh5 16. g4 Bg6 17. Nc2 Nc6 18. Bg2 h5 19. g5 h4 20. e3 f6 21. exd4 Bh5+ 22. Kc1 exd4 23. a3 d3 24. b4 Bb6 25. c5 Bc7 26. Ne3 Bf4 27. Kd2 Ne5 28. Rac1 Bxg5 29. Rhf1 g6 30. Bf3 Bxf3 31. c6 bxc6 0-1